ბათუმის შოთა რუსთაველის სახელმწიფო უნივერსიტეტის ბიბლიოთეკა

Циклоида. Об одной замечательной кривой линии и некоторых других с ней связанных (ბიბ.ჩანაწერი № 48089)

000 -LEADER
fixed length control field 00720nam a2200205Ia 4500
001 - CONTROL NUMBER
control field 14970
003 - CONTROL NUMBER IDENTIFIER
control field GE_BSU
008 - FIXED-LENGTH DATA ELEMENTS--GENERAL INFORMATION
fixed length control field 181216s||||||||xx |||||||||||||| ||und||
040 ## - CATALOGING SOURCE
Transcribing agency GE_BSU
080 ## - UNIVERSAL DECIMAL CLASSIFICATION NUMBER
Universal Decimal Classification number 514(075.3)
100 ## - MAIN ENTRY--PERSONAL NAME
Personal name Берман,Г.Н.
245 ## - TITLE STATEMENT
Title Циклоида. Об одной замечательной кривой линии и некоторых других с ней связанных
250 ## - EDITION STATEMENT
Edition statement 3-е изд.
260 ## - PUBLICATION, DISTRIBUTION, ETC.
Place of publication, distribution, etc. Москва
260 ## - PUBLICATION, DISTRIBUTION, ETC.
Name of publisher, distributor, etc. Наука
260 ## - PUBLICATION, DISTRIBUTION, ETC.
Date of publication, distribution, etc. 1980
300 ## - PHYSICAL DESCRIPTION
Extent 112стр.20см.
653 ## - INDEX TERM--UNCONTROLLED
Uncontrolled term Циклоида. Об одной замечательной кривой линии и некоторых других с ней связанных
942 ## - ADDED ENTRY ELEMENTS (KOHA)
Koha item type წიგნი
ეგზემპლარები
Withdrawn status Lost status Damaged status Not for loan Date acquired Barcode Date last seen Price effective from Koha item type
        2018-12-17 15263 2018-12-17 2018-12-17 წიგნი
        2018-12-17 15921 2018-12-17 2018-12-17 წიგნი